000 00311nam a22001457a 4500
999 _c2769
_d2769
003 NUST
020 _a9788126144167
038 _aA
082 _a302.24
100 _aBhanu Pratap Singh
_931319
245 _aArt of editing
260 _aNew Delhi
_bAnmol publications
_c2011
300 _a304p
942 _cBK
_2ddc